000 00978nam a2200241 a 4500
001 000312616
003 AM-YeHGA
005 20250618072007.0
008 040226s1970 ai |||||r|||||||||0|arm|d
040 _aAM-YeHGA
041 1 _aarm
_hrus
080 _aP2
090 _aՄ-30
100 1 _aՄառ, Եվգենի Պետրովիչ
_d1863-1920
245 1 0 _aԿրեմլի ժամապահները :
_bՊատմվածքներ Վ.Ի. Լենինի մասին: Միջին տարիքի երեխաների համար /
_cԵ.Պ. Մառ ; Թարգմ.՝ Է. Մասումյան ; Խմբ.՝ Վ.Գ. Տալյան.
260 _aԵրևան :
_bՀայաստան,
_c1970.
300 _a96 էջ :
_bնկ. ;
_c22 սմ.
600 1 0 _aԼենին, Վլադիմիր Իլյիչ,
_d1870-1924
_95803
650 1 0 _aՌուս գրականություն
_xՊատմվածք
_94645
700 1 _aՏալյան, Վազգեն Գրիգորի,
_d1907-1995
_eխմբ.
_4edt
_99383
942 _2udc
_cBK
090 _c117168
999 _c115823
_d115823